Normal view MARC view
  • VEINOTT, CYRIL G

Entry Personal Name

Number of records used in: 1

001 - CONTROL NUMBER

  • control field: 80336

003 - CONTROL NUMBER IDENTIFIER

  • control field: NUST

005 - DATE AND TIME OF LATEST TRANSACTION

  • control field: 20210628210640.0

008 - FIXED-LENGTH DATA ELEMENTS

  • fixed length control field: 210628|| aca||aabn | a|a d

040 ## - CATALOGING SOURCE

  • Original cataloging agency: NUST
  • Transcribing agency: NUST

100 ## - HEADING--PERSONAL NAME

  • Personal name: VEINOTT, CYRIL G

670 ## - SOURCE DATA FOUND

  • Source citation: Work cat.: (NUST): VEINOTT, CYRIL G, FRACTIONAL HORSEPOWER ELEVCTRIC MOTORS WHAT KINDS ARE AVAILABLE WHAT MAKES THEN RUN AND WHAT THEY WILL DO HOW TO REPAIR REWIND AND RECONNECT THEM, 1948
© 2023 Central Library, National University of Sciences and Technology. All Rights Reserved.